000 00304nam a22001457a 4500
008 230522b ||||| |||| 00| 0 eng d
020 _a9782070389445
041 _aFRA
080 _a82
082 _a82CLE
100 _a38
101 _aGJL
245 _aDIEGO ET FRIDA
_cCLEZIO.LE
942 _2udc
_cBK
999 _c59797
_d59797